000 01160nam a2200265 a 4500
003 OSt
005 20240223143309.0
007 cr ||||||a|c|a
008 240124s2022 mx a|||fom||| 001 0 spa d
040 _erda
100 1 _9188572
_aAlonso Martínez, Anahí
245 1 0 _aEtiología de la mancha foliar en calatea (Calathea picturata) /
_cpor Anahí Alonso Martínez; director de tesis María de Lourdes Rodríguez Mejía.
264 1 _aChapingo, México :
_bEl autor,
_c2022.
300 _a1 recurso en línea (58 páginas):
_bfiguras, cuadros.
336 _2rdacontent
_atexto
_btxt
337 _2rdamedia
_acomputadora
_bc
338 _2rdacarrier
_arecurso en línea
_bcr
502 _bIAEPA
_cParasitología
_d2022.
_gLIC
504 _aIncluye referencias bibliográficas: páginas 40-48.
650 4 _9188573
_aCalathea picturata
_xEnfermedades por bacterias
650 4 _9188574
_aPseudomonas putida
_xIdentificación
700 1 _998687
_aRodríguez Mejía, María de Lourdes
_eDirector de tesis.
856 _uhttp://10.13.5.2/tesis/tm/1010033-7_Alonso_Martinez_Anahi.pdf
_zDESCARGAR PDF
942 _2Clasificación Universidad Autónoma Chapingo
_cTD
999 _c219587
_d219587